000 nam a22 7a 4500
999 _c9301
_d9301
008 180125b ||||| |||| 00| 0 eng d
100 _aNCERT
_95557
245 _aMathematics-VIII
260 _aNew Delhi
_bD. Convent
_c2007